[Event "Barcelona IM"]
[Site "Barcelona"]
[Date "2021.02.08"]
[Round "2"]
[White "Zohaib Hassan, Mohamed"]
[Black "Ternault, Mathieu"]
[Result "1/2-1/2"]
[WhiteElo "2275"]
[BlackElo "2324"]
[PlyCount "81"]
[EventDate "2021.02.07"]
[EventType "tourn"]
[EventRounds "9"]
[EventCountry "ESP"]
[EventCategory "2"]
[SourceTitle "CBM 200 Extra"]
[Source "ChessBase"]
[SourceDate "2021.03.31"]
[SourceVersion "1"]
[SourceVersionDate "2021.03.31"]
[SourceQuality "1"]

1. c4 b6 2. Nc3 Bb7 3. e4 e5 4. Nf3 Nc6 5. d3 Bc5 6. Be2 h6 7. Nxe5 Nxe5 8. d4 Bd6 9. dxe5 Bxe5 10. 0-0 Nf6 11. Nd5 c5 12. Bd3 0-0 13. a4 Re8 14. h3 d6 15. a5 bxa5 16. Bd2 Bxd5 17. exd5 Bxb2 18. Rxa5 Ne4 19. Bc2 Bc3 20. Bxc3 Nxc3 21. Qa1 Ne2+ 22. Kh1 Qg5 23. Rxa7 Rxa7 24. Qxa7 Nf4 25. g3 Qh5 26. gxf4 Qxh3+ 27. Kg1 Qg4+ 28. Kh2 Qxf4+ 29. Kg2 Qxc4 30. Qd7 Qxd5+ 31. Kg3 Qg5+ 32. Qg4 Qxg4+ 33. Kxg4 g6 34. Kf3 Re5 35. Ra1 Kg7 36. Ra7 Rd5 37. Ba4 h5 38. Bc6 Rf5+ 39. Kg2 g5 40. Ba4 Kf6 41. Bc2 1/2-1/2

[Event "Benidorm op U2300 18th"]
[Site "Benidorm"]
[Date "2019.11.30"]
[Round "2"]
[White "Gonzalez Aguirre, Luis"]
[Black "Zohaib Hassan, Mohamed"]
[Result "1/2-1/2"]
[WhiteElo "2107"]
[BlackElo "2282"]
[PlyCount "112"]
[EventDate "2019.11.29"]
[EventType "swiss"]
[EventRounds "10"]
[EventCountry "ESP"]
[SourceTitle "EXT 2022"]
[Source "ChessBase"]
[SourceDate "2021.10.06"]
[SourceVersion "1"]
[SourceVersionDate "2021.10.06"]
[SourceQuality "1"]

1. Nf3 Nf6 2. c4 e6 3. g3 b6 4. Bg2 Bb7 5. 0-0 Be7 6. Nc3 0-0 7. Re1 c5 8. e4 d6 9. b3 a6 10. Bb2 e5 11. d3 Nc6 12. Nd5 Nxd5 13. cxd5 Nd4 14. Nxd4 cxd4 15. Bh3 Bc8 16. Bxc8 Rxc8 17. Rc1 Qd7 18. Qd2 f5 19. Rxc8 Rxc8 20. exf5 Qxf5 21. Rc1 Rc5 22. Rxc5 bxc5 23. Qe2 h5 24. Bc1 g6 25. Kg2 Bg5 26. Bxg5 Qxg5 27. h4 Qf5 28. f3 Kf8 29. Qd2 Kg7 30. Qe2 Qf7 31. Qe4 Kf8 32. Kf2 Ke8 33. Ke2 Kd7 34. Kd2 Kc7 35. Kc2 Kb6 36. Kb2 Kb5 37. Kc2 Kb6 38. Kb2 Kc7 39. Kc2 Kd7 40. Kd2 Qg7 41. Kd1 Qh6 42. Kc2 Kc7 43. Kb2 Qd2+ 44. Kb1 c4 45. bxc4 Kb6 46. Qxg6 Kc5 47. Qh7 Kb6 48. Qg6 Ka5 49. Qh7 Kb6 50. Qg6 Qb4+ 51. Kc2 Ka5 52. g4 hxg4 53. fxg4 Qe1 54. h5 Qe2+ 55. Kc1 Qe1+ 56. Kc2 Qe2+ 1/2-1/2

[Event "Barcelona Christmas IM"]
[Site "Barcelona"]
[Date "2019.01.03"]
[Round "7"]
[White "Zohaib Hassan, Mohamed"]
[Black "Ayats Llobera, Gerard"]
[Result "1-0"]
[WhiteElo "2255"]
[BlackElo "2395"]
[PlyCount "86"]
[EventDate "2018.12.27"]
[EventType "tourn"]
[EventRounds "9"]
[EventCountry "ESP"]
[EventCategory "3"]
[SourceTitle "CBM 188 Extra"]
[Source "ChessBase"]
[SourceDate "2019.02.26"]
[SourceVersion "1"]
[SourceVersionDate "2019.02.26"]
[SourceQuality "1"]

1. e4 c5 2. Nf3 e6 3. d4 cxd4 4. Nxd4 a6 5. c4 Nf6 6. Nc3 Qc7 7. Qd3 b6 8. Be2 Bb7 9. 0-0 d6 10. f3 Nbd7 11. Be3 Be7 12. Rfc1 0-0 13. Qd2 Rae8 14. a4 Qb8 15. a5 Bd8 16. Nb3 Bc7 17. axb6 Nxb6 18. Na5 Ba8 19. Kh1 Rd8 20. Qe1 Nbd7 21. b4 Rfe8 22. b5 axb5 23. Nxb5 Bb6 24. Bxb6 Qxb6 25. Rcb1 d5 26. Nc3 Qe3 27. Rb2 Qf4 28. Qc1 Qxc1+ 29. Rxc1 dxe4 30. fxe4 Nc5 31. Rb5 Rc8 32. Bf3 Nfd7 33. Rd1 Ne5 34. Kg1 f6 35. h3 Kf8 36. Kf2 Ke7 37. Ke3 Rc7 38. Be2 Rec8 39. g4 Ra7 40. Nb3 Nb7 41. c5 Nd8 42. Na4 Ndc6 43. Nb6 Rcc7 1-0

[Event "Hospitalet op"]
[Site "Hospitalet"]
[Date "2009.01.04"]
[Round "8"]
[White "Carrasco Rodriguez, Jesus"]
[Black "Zohaib Hassan, Mohamed"]
[Result "1-0"]
[WhiteElo "2063"]
[BlackElo "2106"]
[PlyCount "127"]
[EventDate "2008.12.27"]
[EventType "swiss"]
[EventRounds "9"]
[EventCountry "ESP"]
[SourceTitle "CBM 128 Extra"]
[Source "ChessBase"]
[SourceDate "2009.03.05"]
[SourceVersion "2"]
[SourceVersionDate "2009.03.25"]
[SourceQuality "1"]

1. e4 c5 2. Nf3 d6 3. d4 cxd4 4. Nxd4 Nf6 5. Nc3 Nc6 6. f3 e6 7. Be3 a6 8. g4 Nxd4 9. Qxd4 e5 10. Qd2 Be6 11. g5 Nd7 12. Nd5 Rc8 13. 0-0-0 b5 14. h4 Bxd5 15. exd5 Nb6 16. Bxb6 Qxb6 17. f4 Qc7 18. Bd3 g6 19. h5 Bg7 20. f5 gxf5 21. Bxf5 Rb8 22. Kb1 h6 23. Rdf1 Ke7 24. Rh3 Qc4 25. Rhf3 Rbf8 26. Bd3 Qxd5 27. Qf2 e4 28. Qa7+ Ke8 29. Bxe4 Qxe4 30. Re3 Qxe3 31. Qxe3+ Be5 32. Rd1 hxg5 33. Rxd6 f6 34. Rxa6 Rxh5 35. a3 Kf7 36. Qb3+ Kg6 37. Ra7 g4 38. Qb4 Rf7 39. Qxg4+ Rg5 40. Qe4+ Kg7 41. Ra8 Rc7 42. Qh4 Kg6 43. Rg8+ Kf5 44. Qf2+ Ke6 45. Rh8 Rcg7 46. Qe2 Rg2 47. Qxb5 Rg1+ 48. Ka2 R1g2 49. Qc4+ Kf5 50. Qd3+ Kf4 51. Rc8 R2g3 52. Rc4+ Kg5 53. Qd2+ Kf5 54. Qf2+ Ke6 55. Rc6+ Kd5 56. Qc5+ Ke4 57. Qc4+ Kf5 58. a4 Rb7 59. Rxf6+ Kg5 60. Rg6+ Kxg6 61. Qe4+ Kf6 62. Qxb7 Rg4 63. a5 Rg6 64. Qc6+ 1-0

[Event "Llobregat op 1st"]
[Site "Llobregat"]
[Date "2008.01.05"]
[Round "9"]
[White "Gonzalez Rodriguez, Jorge Armando"]
[Black "Zohaib Hassan, Mohamed"]
[Result "1-0"]
[WhiteElo "2405"]
[BlackElo "2110"]
[PlyCount "93"]
[EventDate "2007.12.26"]
[EventType "swiss"]
[EventRounds "9"]
[EventCountry "ESP"]
[SourceTitle "CBM 122 Extra"]
[Source "ChessBase"]
[SourceDate "2008.03.04"]
[SourceVersion "1"]
[SourceVersionDate "2008.03.04"]
[SourceQuality "1"]

1. b3 d5 2. e3 e5 3. Bb2 Bd6 4. c4 c6 5. cxd5 cxd5 6. Nc3 Nf6 7. Nb5 0-0 8. Nf3 e4 9. Nxd6 Qxd6 10. Nd4 Bg4 11. Be2 Bxe2 12. Qxe2 Nc6 13. Nxc6 bxc6 14. Qa6 Nd7 15. Rc1 Qg6 16. 0-0 c5 17. Qa4 Qe6 18. Rfd1 Rfc8 19. Qa5 Rc6 20. d3 f5 21. d4 Rac8 22. dxc5 Nxc5 23. Qxa7 R8c7 24. Qb8+ Kf7 25. Qd8 Nd3 26. Qxc7+ Rxc7 27. Rxc7+ Ke8 28. Bd4 f4 29. Rd2 Ne1 30. Rd1 Nd3 31. Rxg7 Qc6 32. Rf1 Qc2 33. h4 h6 34. a4 f3 35. a5 Qe2 36. gxf3 Ne1 37. Rxe1 Qxe1+ 38. Kg2 Qxa5 39. Kg3 exf3 40. Kxf3 Qe1 41. b4 Qxb4 42. Kg4 Qb1 43. f4 Qd1+ 44. Kf5 Qh5+ 45. Ke6 Kf8 46. f5 Qxh4 47. Rh7 1-0

[Event "Llobregat op 1st"]
[Site "Llobregat"]
[Date "2008.01.03"]
[Round "7"]
[White "Zohaib Hassan, Mohamed"]
[Black "Marina de la Torre, Ivan"]
[Result "1-0"]
[WhiteElo "2110"]
[BlackElo "1969"]
[PlyCount "83"]
[EventDate "2007.12.26"]
[EventType "swiss"]
[EventRounds "9"]
[EventCountry "ESP"]
[SourceTitle "CBM 122 Extra"]
[Source "ChessBase"]
[SourceDate "2008.03.04"]
[SourceVersion "1"]
[SourceVersionDate "2008.03.04"]
[SourceQuality "1"]

1. d4 d5 2. c4 e6 3. Nc3 Nf6 4. Bg5 Be7 5. e3 c6 6. Qc2 0-0 7. Nf3 Nbd7 8. Bd3 h6 9. Bh4 dxc4 10. Bxc4 b5 11. Bd3 Bb7 12. e4 b4 13. Na4 c5 14. dxc5 Rc8 15. 0-0 Nxc5 16. Nxc5 Bxc5 17. Qe2 Be7 18. Rfd1 Qb6 19. e5 Nd5 20. Qe4 Nf6 21. Qf4 Nd5 22. Qg4 Bxh4 23. Qxh4 Rfd8 24. Be4 a5 25. Rd4 Rd7 26. Rad1 Rdc7 27. g4 Rc1 28. g5 Rxd1+ 29. Rxd1 Qd8 30. Qg4 g6 31. gxh6 Qf8 32. Qh4 Rc4 33. b3 Rxe4 34. h7+ Kh8 35. Qxe4 Qh6 36. Qg4 Qxh7 37. Ng5 Qg7 38. Qh4+ Kg8 39. f4 Kf8 40. Ne4 Kg8 41. Nf6+ Nxf6 42. Rd8+ 1-0